书目信息 |
| 题名: |
设计私语录
|
|
| 作者: | 哉原研 著 ;潘力 译 | |
| 分册: | ||
| 出版信息: | 桂林 广西师范大学出版社 2011.06 |
|
| 页数: | 109页 | |
| 开本: | 19cm | |
| 丛书名: | ||
| 单 册: | ||
| 中图分类: | TB47-53 | |
| 科图分类: | ||
| 主题词: | 工业设计--gong ye she ji--文集 | |
| 电子资源: | ||
| ISBN: | 978-7-5495-0598-2 | |
| 000 | 00895nam0 2200265 450 | |
| 001 | 1131018906 | |
| 005 | 20111111083725.34 | |
| 010 | @a978-7-5495-0598-2@dCNY29.80@z7-5495-0598-5 | |
| 100 | @a20110704d2011 em y0chiy50 ea | |
| 101 | 1 | @achi |
| 102 | @aCN@b450000 | |
| 105 | @aa z 000yy | |
| 200 | 1 | @a设计私语录@Ashe ji si yu lu@e通心粉的孔洞之谜@f原研哉 |
| 210 | @a桂林@c广西师范大学出版社@d2011.06 | |
| 215 | @a109页@c图@d19cm | |
| 306 | @a由原研哉先生授权 | |
| 314 | @a封面题: 潘力译 | |
| 330 | @a本书主要内容包括: 表面张力的美学 ; 消失的影像 ; 雅致的苍蝇 ; 通心粉的孔洞之谜 ; 手掌式的装帧 ; “纸质信件”的优雅等。 | |
| 517 | 1 | @a通心粉的孔洞之谜@Atong xin fen de kong dong zhi mi |
| 606 | 0 | @a工业设计@Agong ye she ji@j文集 |
| 690 | @aTB47-53@v4 | |
| 701 | 0 | @a哉原研@Azai yuan yan@4著 |
| 702 | 0 | @a潘力@Apan li@4译 |
| 801 | 0 | @aCN@c20110704 |
| 905 | @dTB47-53@ez002.91 | |
| 设计私语录:通心粉的孔洞之谜/原研哉.-桂林:广西师范大学出版社,2011.06 |
| 109页:图;19cm |
| ISBN 978-7-5495-0598-2:CNY29.80 |
| 本书主要内容包括: 表面张力的美学 ; 消失的影像 ; 雅致的苍蝇 ; 通心粉的孔洞之谜 ; 手掌式的装帧 ; “纸质信件”的优雅等。 |
| ● |
| 相关链接 |
|
|
|
正题名:设计私语录
索取号:TB47-53/z002.91
 
预约/预借
| 序号 | 登录号 | 条形码 | 馆藏地/架位号 | 状态 | 备注 |
| 1 | 1221554 | 212215547 | 自科库501/501自科库 15排4列4层/ [索取号:TB47-53/z002.91] | 在馆 | |
| 2 | 1221555 | 212215556 | 自科库501/501自科库 15排4列4层/ [索取号:TB47-53/z002.91] | 在馆 | |
| 3 | 1221556 | 212215565 | 自科库501/501自科库 15排4列4层/ [索取号:TB47-53/z002.91] | 在馆 |